HERBAL DRUG TECHNOLOGY (Record no. 22918)
[ view plain ]
| 000 -LEADER | |
|---|---|
| fixed length control field | 00383nam a22001697a 4500 |
| 003 - CONTROL NUMBER IDENTIFIER | |
| control field | SGT |
| 020 ## - INTERNATIONAL STANDARD BOOK NUMBER | |
| International Standard Book Number | 9788173717871 |
| 082 ## - DEWEY DECIMAL CLASSIFICATION NUMBER | |
| Classification number | 615.1 |
| Item number | H22A |
| 100 ## - MAIN ENTRY--PERSONAL NAME | |
| Personal name | AGRAWAL,S.S |
| 245 ## - TITLE STATEMENT | |
| Title | HERBAL DRUG TECHNOLOGY |
| 250 ## - EDITION STATEMENT | |
| Edition statement | 2ND |
| 260 ## - PUBLICATION, DISTRIBUTION, ETC. (IMPRINT) | |
| Place of publication, distribution, etc | NEW DELHI |
| Name of publisher, distributor, etc | UNIVERSITY PRESS |
| Year of Publication | 2022 |
| 300 ## - PAGE DESCRIPTION | |
| No. of Pages | 816 |
| 650 ## - SUBJECT ADDED ENTRY--TOPICAL TERM | |
| Topical term or geographic name as entry element | HURBAL DRUG |
| 653 ## - KEYWORDS--INDEX TERM | |
| Keyword term | ,TECHNOLOGY, HERBAL ,DRUG |
| 942 ## - ADDED ENTRY ELEMENTS (KOHA) | |
| Source of classification or shelving scheme | Dewey Decimal Classification |
| Koha item type | Books |
| 942 ## - ADDED ENTRY ELEMENTS (KOHA) | |
| -- | 4 |
| Withdrawn status | Lost status | Source of classification or shelving scheme | Damaged status | Not for loan | Collection code | Home library | Current library | Shelving location | Date acquired | Vendor Name | Cost, normal purchase price | SGTU | Bill Number | Total Checkouts | Full call number | Accession No. (Barcode) | Date last seen | Date last borrowed | Bill Date | Koha item type | Use restrictions | Checked out |
|---|---|---|---|---|---|---|---|---|---|---|---|---|---|---|---|---|---|---|---|---|---|---|
| Dewey Decimal Classification | PHARMACY | SGT FA-FP Library | SGT FA-FP Library | Text Book | 23/06/2022 | AHUJA PUBLICATION | 1450.00 | SGTU | 14474 | 4 | 615.1 H22A | FP4257 | 10/03/2026 | 23/02/2026 | 19/05/2022 | Books | ||||||
| Dewey Decimal Classification | PHARMACY | SGT FA-FP Library | SGT FA-FP Library | Reference Book | 23/06/2022 | AHUJA PUBLICATION | 1450.00 | SGTU | 14474 | 615.1 H22A | FP4258 | 23/06/2022 | 19/05/2022 | Books | Restricted Access | |||||||
| Dewey Decimal Classification | PHARMACY | SGT FA-FP Library | SGT FA-FP Library | Text Book | 23/06/2022 | AHUJA PUBLICATION | 1450.00 | SGTU | 14474 | 3 | 615.1 H22A | FP4259 | 01/06/2026 | 01/06/2026 | 19/05/2022 | Books | 15/06/2026 | |||||
| Dewey Decimal Classification | PHARMACY | SGT FA-FP Library | SGT FA-FP Library | Text Book | 23/06/2022 | AHUJA PUBLICATION | 1450.00 | SGTU | 14474 | 615.1 H22A | FP4260 | 23/06/2022 | 19/05/2022 | Books | ||||||||
| Dewey Decimal Classification | PHARMACY | SGT FA-FP Library | SGT FA-FP Library | Text Book | 23/06/2022 | AHUJA PUBLICATION | 1450.00 | SGTU | 14474 | 1 | 615.1 H22A | FP4261 | 14/05/2024 | 03/04/2024 | 19/05/2022 | Books |